000 00336nam a2200145Ia 4500
008 230718s9999 xx 000 0 und d
041 _aEng.
082 _a891.9391
_bIFI-B
100 _aifitikar arif
245 0 _abook dil dana
260 _aPakistan
_bdepal lahaore publisher
_c2017
300 _a585
650 _aLaw
999 _c31703
_d31703